|
|
|
|
| LEADER |
01000naa a22002652c 4500 |
| 001 |
1752542487 |
| 003 |
DE-627 |
| 005 |
20210325232700.0 |
| 007 |
tu |
| 008 |
210325s2013 xx ||||| o 00| ||ger c |
| 035 |
|
|
|a (DE-627)1752542487
|
| 035 |
|
|
|a (DE-599)KXP1752542487
|
| 040 |
|
|
|a DE-627
|b ger
|c DE-627
|e rakwb
|
| 041 |
|
|
|a ger
|
| 245 |
0 |
0 |
|a [Rezension]
|c Manfred Groten
|
| 264 |
|
1 |
|c 2013
|
| 336 |
|
|
|a Text
|b txt
|2 rdacontent
|
| 337 |
|
|
|a ohne Hilfsmittel zu benutzen
|b n
|2 rdamedia
|
| 338 |
|
|
|a Band
|b nc
|2 rdacarrier
|
| 655 |
|
7 |
|a Rezension
|0 (DE-588)4049712-4
|0 (DE-627)106186019
|0 (DE-576)209083166
|2 gnd-content
|
| 700 |
1 |
|
|a Groten, Manfred
|d 1949-
|e mitwirkender
|0 (DE-588)109332822
|0 (DE-627)520391144
|0 (DE-576)161215424
|4 ctb
|
| 773 |
0 |
8 |
|i Enthalten in
|t Rheinische Vierteljahrsblätter
|d Bonn : Habelt, 1931
|g 77 (2013), 385-386
|w (DE-627)12945933X
|w (DE-600)200362-4
|w (DE-576)014823101
|x 0035-4473
|7 nnas
|
| 773 |
1 |
8 |
|g volume:77
|g year:2013
|g pages:385-386
|
| 787 |
0 |
8 |
|i Rezension von
|a Ruf, Susanne DE-N1
|t Die Stiftungen der Familie Hardenrath an St. Maria im Kapitol zu Köln (um 1460 bis 1630)
|d Korb : Didymos-Verl., 2011
|h 435 S.
|w (DE-627)1615363564
|w (DE-576)358863791
|z 9783939020080
|
| 912 |
|
|
|a GBV_USEFLAG_U
|
| 912 |
|
|
|a GBV_ILN_2046
|
| 912 |
|
|
|a ISIL_DE-N1
|
| 912 |
|
|
|a SYSFLAG_1
|
| 912 |
|
|
|a GBV_KXP
|
| 912 |
|
|
|a GBV_ILN_11
|
| 912 |
|
|
|a GBV_ILN_21
|
| 912 |
|
|
|a GBV_ILN_22
|
| 912 |
|
|
|a GBV_ILN_24
|
| 912 |
|
|
|a GBV_ILN_31
|
| 912 |
|
|
|a GBV_ILN_40
|
| 912 |
|
|
|a GBV_ILN_50
|
| 912 |
|
|
|a GBV_ILN_61
|
| 912 |
|
|
|a GBV_ILN_62
|
| 912 |
|
|
|a GBV_ILN_69
|
| 912 |
|
|
|a GBV_ILN_72
|
| 912 |
|
|
|a GBV_ILN_104
|
| 912 |
|
|
|a GBV_ILN_130
|
| 912 |
|
|
|a GBV_ILN_179
|
| 912 |
|
|
|a GBV_ILN_181
|
| 912 |
|
|
|a GBV_ILN_203
|
| 912 |
|
|
|a GBV_ILN_238
|
| 912 |
|
|
|a GBV_ILN_267
|
| 912 |
|
|
|a GBV_ILN_294
|
| 912 |
|
|
|a GBV_ILN_350
|
| 912 |
|
|
|a GBV_ILN_365
|
| 912 |
|
|
|a GBV_ILN_665
|
| 912 |
|
|
|a GBV_ILN_721
|
| 912 |
|
|
|a GBV_ILN_722
|
| 912 |
|
|
|a GBV_ILN_723
|
| 912 |
|
|
|a GBV_ILN_731
|
| 912 |
|
|
|a GBV_ILN_737
|
| 912 |
|
|
|a GBV_ILN_812
|
| 912 |
|
|
|a GBV_ILN_813
|
| 912 |
|
|
|a GBV_ILN_1033
|
| 912 |
|
|
|a GBV_ILN_1121
|
| 912 |
|
|
|a GBV_ILN_2001
|
| 912 |
|
|
|a GBV_ILN_2002
|
| 912 |
|
|
|a GBV_ILN_2003
|
| 912 |
|
|
|a GBV_ILN_2004
|
| 912 |
|
|
|a GBV_ILN_2005
|
| 912 |
|
|
|a GBV_ILN_2007
|
| 912 |
|
|
|a GBV_ILN_2008
|
| 912 |
|
|
|a GBV_ILN_2009
|
| 912 |
|
|
|a GBV_ILN_2010
|
| 912 |
|
|
|a GBV_ILN_2011
|
| 912 |
|
|
|a GBV_ILN_2012
|
| 912 |
|
|
|a GBV_ILN_2016
|
| 912 |
|
|
|a GBV_ILN_2018
|
| 912 |
|
|
|a GBV_ILN_2032
|
| 912 |
|
|
|a GBV_ILN_2035
|
| 912 |
|
|
|a GBV_ILN_2138
|
| 912 |
|
|
|a GBV_ILN_2178
|
| 912 |
|
|
|a GBV_ILN_2179
|
| 912 |
|
|
|a GBV_ILN_2217
|
| 912 |
|
|
|a GBV_ILN_2309
|
| 912 |
|
|
|a GBV_ILN_2315
|
| 912 |
|
|
|a GBV_ILN_2469
|
| 912 |
|
|
|a GBV_ILN_2489
|
| 912 |
|
|
|a GBV_ILN_2579
|
| 912 |
|
|
|a GBV_ILN_4012
|
| 912 |
|
|
|a GBV_ILN_4027
|
| 912 |
|
|
|a GBV_ILN_4028
|
| 912 |
|
|
|a GBV_ILN_4029
|
| 912 |
|
|
|a GBV_ILN_4035
|
| 912 |
|
|
|a GBV_ILN_4036
|
| 912 |
|
|
|a GBV_ILN_4037
|
| 912 |
|
|
|a GBV_ILN_4082
|
| 912 |
|
|
|a GBV_ILN_4112
|
| 912 |
|
|
|a GBV_ILN_4125
|
| 912 |
|
|
|a GBV_ILN_4126
|
| 912 |
|
|
|a GBV_ILN_4155
|
| 912 |
|
|
|a GBV_ILN_4193
|
| 912 |
|
|
|a GBV_ILN_4238
|
| 912 |
|
|
|a GBV_ILN_4246
|
| 912 |
|
|
|a GBV_ILN_4251
|
| 912 |
|
|
|a GBV_ILN_4253
|
| 912 |
|
|
|a GBV_ILN_4302
|
| 912 |
|
|
|a GBV_ILN_4305
|
| 912 |
|
|
|a GBV_ILN_4306
|
| 912 |
|
|
|a GBV_ILN_4310
|
| 912 |
|
|
|a GBV_ILN_4311
|
| 912 |
|
|
|a GBV_ILN_4314
|
| 912 |
|
|
|a GBV_ILN_4315
|
| 912 |
|
|
|a GBV_ILN_4316
|
| 912 |
|
|
|a GBV_ILN_4317
|
| 912 |
|
|
|a GBV_ILN_4318
|
| 912 |
|
|
|a GBV_ILN_4319
|
| 912 |
|
|
|a GBV_ILN_4320
|
| 912 |
|
|
|a GBV_ILN_4321
|
| 912 |
|
|
|a GBV_ILN_4323
|
| 912 |
|
|
|a GBV_ILN_4324
|
| 912 |
|
|
|a GBV_ILN_4325
|
| 912 |
|
|
|a GBV_ILN_4385
|
| 912 |
|
|
|a GBV_ILN_4392
|
| 951 |
|
|
|a AR
|
| 952 |
|
|
|d 77
|j 2013
|h 385-386
|y 77 (2013), 385-386
|
| 980 |
|
|
|2 2046
|1 01
|x DE-N1
|b 3894555610
|c 00
|f --%%--
|d --%%--
|e p
|j --%%--
|y l01
|z 25-03-21
|